000
00217 a2200097 4500
001
41688
100
_a
Kuhr M
245
_a
Management consulting
260
_a
_b
International Labour office
_c
090
_c
25817
_d
25817
942
_a
NUST-CAE
_c
_c
17577
999
_c
276761
_d
276761